History of the kindergarten movement in the mid-western states and in New York. (Record no. 21853)

MARC details
000 -LEADER
fixed length control field 01104cam a22002771 4500
001 - CONTROL NUMBER
control field e 42000090
003 - CONTROL NUMBER IDENTIFIER
control field DLC
005 - DATE AND TIME OF LATEST TRANSACTION
control field 20260227111230.0
008 - FIXED-LENGTH DATA ELEMENTS--GENERAL INFORMATION
fixed length control field 770523s1938 dcu f100 0 eng c
010 ## - LIBRARY OF CONGRESS CONTROL NUMBER
LC control number e 42000090
035 ## - SYSTEM CONTROL NUMBER
System control number (OCoLC)2987000
040 ## - CATALOGING SOURCE
Original cataloging agency U.S. Office of Education
Transcribing agency ICarbS
Modifying agency DLC
042 ## - AUTHENTICATION CODE
Authentication code premarc
043 ## - GEOGRAPHIC AREA CODE
Geographic area code n-usm--
-- n-usc--
-- n-us-ny
050 00 - LIBRARY OF CONGRESS CALL NUMBER
Classification number LB1205
Item number .A78
110 2# - MAIN ENTRY--CORPORATE NAME
Corporate name or jurisdiction name as entry element Association for Childhood Education.
Subordinate unit Committee of nineteen.
245 10 - TITLE STATEMENT
Title History of the kindergarten movement in the mid-western states and in New York.
Remainder of title Presented at the Cincinnati convention, Association for childhood education, April 19-23, 1938.
260 ## - PUBLICATION, DISTRIBUTION, ETC.
Place of publication, distribution, etc. [Washington,
Date of publication, distribution, etc. 1938]
300 ## - PHYSICAL DESCRIPTION
Extent 1 p. l., 5-78 p.
Dimensions 23 cm.
500 ## - GENERAL NOTE
General note Lucy Wheelock, chairman.
500 ## - GENERAL NOTE
General note Second of a series of four bulletins prepared by the Committee of nineteen on the history of the kindergarten in the United States.
650 #0 - SUBJECT ADDED ENTRY--TOPICAL TERM
Topical term or geographic name entry element Kindergarten
General subdivision History.
650 #0 - SUBJECT ADDED ENTRY--TOPICAL TERM
Topical term or geographic name entry element Education
Geographic subdivision West (U.S.)
General subdivision History.
650 #0 - SUBJECT ADDED ENTRY--TOPICAL TERM
Topical term or geographic name entry element Education
Geographic subdivision New York (State)
General subdivision History.
700 1# - ADDED ENTRY--PERSONAL NAME
Personal name Wheelock, Lucy,
Dates associated with a name 1859-

No items available.

Powered by Koha